000 00573nam a22001937a 4500
003 OSt
005 20160420134513.0
008 160420b xxu||||| |||| 00| 0 eng d
020 _a0304327395
040 _cDDC
082 _a370BLU1993.
100 _aBuchmann,Margret;Floden,E.Robert;
_98118
245 _aDetachment and concern.
_bConversations in the Philosophy of Teaching and Teacher Education.
260 _aLondon.
_bCassel.
_c1993.
300 _axii,297p;
_bill;
_c22cm
504 _aincludes references and index.
650 _aTeaching.
_9776
942 _2ddc
_cSLOAN
999 _c3648
_d3648